Statistiques concernant Départements français commençant par la lettre C

Cliquez ici pour prendre le quiz!

Statistiques générales

  • Ce quiz a été pris 968 fois
  • Le résultat moyen est 9 sur 10

Statistiques - réponses

NuméroRégionDépartement% Correct
14NormandieCalvados
93%
19Nouvelle-AquitaineCorrèze
90%
23Nouvelle-AquitaineCreuse
90%
16Nouvelle-AquitaineCharente
89%
18Centre-Val-de-LoireCher
89%
17Nouvelle-AquitaineCharente-Maritime
88%
15Auvergne-Rhône-AlpesCantal
87%
2ACorseCorse-du-Sud
87%
21Bourgogne-Franche-ComtéCôte-d'Or
83%
22BretagneCôtes-d'Armor
83%

Distribution des résultats

Percentile par nombre de réponses

% des personnes avec chaque résultat

Votre développement - résultats

Vous n’avez pas pris ce quiz